| 000 | 00363nam a2200133Ia 4500 | ||
|---|---|---|---|
| 008 | 220217s9999||||xx |||||||||||||| ||und|| | ||
| 020 | _a81-7808-364-7 | ||
| 082 | _a621.381 5 NAG | ||
| 100 |
_aNagchoudhri, Dipankar _92039 |
||
| 245 | 0 | _aMicroelectronic devices | |
| 260 |
_aPearson education asia _bNew Delhi _c2001 |
||
| 300 | _b225 | ||
| 650 | _aCIRCUITRY | ||
| 999 |
_c167978 _d167978 |
||